000
00235nam a22000977a 4500
100
_a
Singh,Vijay Pal
_9
80675
245
_a
Collected Stories of O. Henry
260
_a
Delhi
_b
Sahitya Surbhi
_c
2017
650
_a
Stories
_9
80676
942
_c
BK
999
_c
63965
_d
63965